The human side of organizations / (Record no. 346984)
[ view plain ]
| 000 -LEADER | |
|---|---|
| fixed length control field | 01232 a2200181 4500 |
| 020 ## - INTERNATIONAL STANDARD BOOK NUMBER | |
| International Standard Book Number | 0065015282 (paperback) |
| 020 ## - INTERNATIONAL STANDARD BOOK NUMBER | |
| International Standard Book Number | 9780065015287 (paperback) |
| 082 04 - DEWEY DECIMAL CLASSIFICATION NUMBER | |
| Classification number | 658.3 |
| 090 ## - LOCALLY ASSIGNED LC-TYPE CALL NUMBER (OCLC); LOCAL CALL NUMBER (RLIN) | |
| -- | 4541 |
| -- | 4541 |
| 100 1# - MAIN ENTRY--PERSONAL NAME | |
| Personal name | Kossen, Stan. |
| 245 14 - TITLE STATEMENT | |
| Title | The human side of organizations / |
| Statement of responsibility, etc. | Stan Kossen. |
| 250 ## - EDITION STATEMENT | |
| Edition statement | 6 Sub ed. |
| 260 ## - PUBLICATION, DISTRIBUTION, ETC. | |
| Place of publication, distribution, etc. | [S.l.] : |
| Name of publisher, distributor, etc. | Harpercollins College Div, |
| Date of publication, distribution, etc. | 1994. |
| 300 ## - PHYSICAL DESCRIPTION | |
| Extent | 550 p. ; |
| Dimensions | 24 cm. |
| 520 ## - SUMMARY, ETC. | |
| Summary, etc. | Driven by the concept of Total Quality Management, this book explores the needs and motivations of the leaders and employees in any organizations. It explores the issues such as perception, decision making, communication and small group behaviour to show that humans are people and not just faceless employees. Sections on organizational performance are included to help future managers understand change, challenges facing women, culturally diverse groups in organizations, aging, individuals with disabilities - including AIDS - and alcohol and substance abuse. This edition also includes both a greater use of examples of worldwide organizational behaviour and an emphasis on ethics. |
| 856 40 - ELECTRONIC LOCATION AND ACCESS | |
| Materials specified | Amazon.com |
| Uniform Resource Identifier | <a href="http://www.amazon.com/exec/obidos/ASIN/0065015282/chopaconline-20">http://www.amazon.com/exec/obidos/ASIN/0065015282/chopaconline-20</a> |
| 942 ## - ADDED ENTRY ELEMENTS (KOHA) | |
| Institution code [OBSOLETE] | NBS |
| Koha item type | Book |
| Call number prefix | 658.3 KOS |
| Withdrawn status | Lost status | Damaged status | Not for loan | Permanent Location | Current Location | Date acquired | Total Checkouts | Full call number | Barcode | Date last seen | Date last checked out | Price effective from | Koha item type |
|---|---|---|---|---|---|---|---|---|---|---|---|---|---|
| Central Library (CL) | Central Library (CL) | 08/28/2013 | 1 | 658.3 KOS | NBS2607 | 04/21/2016 | 04/19/2016 | 08/28/2013 | Book |
